| 000 | 01482cam a22003613a 4500 | ||
|---|---|---|---|
| 001 | 13486706 | ||
| 003 | OSt | ||
| 005 | 20140310184310.0 | ||
| 008 | 040210s2003 nyu j 000 1 eng d | ||
| 010 | _a 2004269393 | ||
| 020 | _a0439405572 (pbk.) | ||
| 035 | _a(OCoLC)ocm52376086 | ||
| 040 |
_aEOW _cEOW _dOCLCQ _dDLC |
||
| 050 | 0 | 0 |
_aPZ 7 _b.L345g1 2008 |
| 100 | 1 |
_aLasky, Kathryn. _96040 |
|
| 245 | 1 | 4 |
_aThe capture / _cKathryn Lasky. |
| 260 |
_aNew York : _bScholastic, _c2008. |
||
| 300 |
_a226 p. : _c20 cm. |
||
| 440 | 0 |
_aGuardians of Ga'Hoole ; _vbk. 1 _923280 |
|
| 521 | _aG5 | ||
| 526 | _c730 | ||
| 650 | 0 |
_aOwls _vJuvenile fiction. _923281 |
|
| 650 | 0 |
_aGylfie (Fictitious character) _vJuvenile fiction. _923282 |
|
| 650 | 0 |
_aTyto (Imaginary place) _vJuvenile fiction. _923283 |
|
| 651 | 0 |
_aSoren (Fictitious character) _vJuvenile fiction. _923284 |
|
| 856 | 4 | 2 |
_3Publisher description _uhttp://www.loc.gov/catdir/description/schol051/2004269393.html |
| 906 |
_a7 _bcbc _ccopycat _d3 _encip _f20 _gy-gencatlg |
||
| 942 |
_2lcc _cBK-SCHOLAS |
||
| 999 |
_c33523 _d33523 |
||